000 00641nam a2200229 i 4500
001 C2-0315031
003 PPAK
005 20180728110734.0
008 120424s2010 xxu |||| ||||| | eng d
020 _a9781598570502
040 _aPPAK
_beng
_cPPAK
_erda
082 0 4 _a372.6
_223
090 0 0 _a372.6
_bMOA
_dLCK
100 1 _aMoats, Louisa Cook,
_eauthor
245 1 0 _aSpeech to print:
_blanguage essentials for teachers
264 1 _aUnited States :
_bPublishing Co ,
_c2010
300 _axi, 288 pages ;
_c25 cm
336 _2rdacontent
_atext
337 _2rdamedia
_aunmediated
338 _2rdacarrier
_avolume
942 _ddc
_cB
999 _c116315
_d116315